[Event "16th Delhi Open 2018"]
[Site "New Delhi IND"]
[Date "2018.01.12"]
[Round "5.18"]
[White "Nayak, Rajesh"]
[Black "Horvath, Adam1"]
[Result "0-1"]
[BlackTitle "GM"]
[WhiteElo "2247"]
[BlackElo "2484"]
[WhiteFideId "35017152"]
[BlackFideId "708003"]
[EventDate "2018.01.09"]

1. e4 c5 2. Nf3 Nc6 3. d4 cxd4 4. Nxd4 g6 5. Nc3 Bg7 6. Be3 Nf6 7. Bc4 O-O 8.
Bb3 Re8 9. f3 e6 10. Qd2 d5 11. O-O-O Nxd4 12. Bxd4 e5 13. Bf2 d4 14. Nd5 Be6
15. Nc3 Bc8 16. Nd5 Be6 17. Nc3 Bc8 18. Nd5 Be6 19. Nc3 Bc8 20. Nd5 Be6 21.
Nxf6+ Bxf6 22. Kb1 Bxb3 23. cxb3 Rc8 24. h4 Re6 25. h5 Bg5 26. Qd3 Bf6 27. Qd2
Bg5 28. Qd3 Rec6 29. Qd2 Re6 30. Qd3 Rec6 31. hxg6 fxg6 32. g3 Qc7 33. f4 exf4
34. Qxd4 fxg3 35. Qd5+ Qf7 36. Bxg3 0-1

[Event "16th Delhi Open 2018"]
[Site "New Delhi IND"]
[Date "2018.01.12"]
[Round "5.19"]
[White "Deviatkin, Andrei"]
[Black "Sankalp, Gupta"]
[Result "1-0"]
[WhiteTitle "GM"]
[WhiteElo "2471"]
[BlackElo "2303"]
[WhiteFideId "4121260"]
[BlackFideId "5097010"]
[EventDate "2018.01.09"]

1. Nc3 d5 2. e4 dxe4 3. Nxe4 Nf6 4. c3 Nxe4 5. Qa4+ Nd7 6. Qxe4 Nf6 7. Qa4+ Bd7
8. Qb3 Bc6 9. Qd1 Bd7 10. Qb3 Bc6 11. Qd1 Bd7 12. Qb3 Bc6 13. d4 Qd6 14. Bb5 Qd8
15. Bf1 Qd6 16. Bb5 O-O-O 17. Bxc6 Qxc6 18. Nf3 Qe4+ 19. Be3 e6 20. O-O-O Bd6
21. Qc2 Qg4 22. Ng5 Rd7 23. f3 Qf5 24. Ne4 Qg4 25. Ng5 Qf5 26. Ne4 Rhd8 27.
Nxd6+ Rxd6 28. Qxf5 exf5 29. Rhe1 Re8 30. Bf2 Rde6 31. c4 Rxe1 32. Rxe1 c6 33.
Rxe8+ Nxe8 34. Kd2 Kd7 35. d5 cxd5 36. cxd5 a6 37. Kd3 f6 38. a4 Nd6 39. Bg3 Nc8
40. Kd4 Nb6 41. b3 Nc8 42. Be1 Ne7 43. Kc5 Nc8 44. a5 Kc7 45. Bg3+ Kd7 46. Bf4
h5 47. Bd2 Kc7 48. Bb4 Kd7 49. Kd4 Nd6 50. Bxd6 Kxd6 51. f4 h4 52. Kc4 g6 53.
Kd4 g5 54. g3 1-0

[Event "16th Delhi Open 2018"]
[Site "New Delhi IND"]
[Date "2018.01.12"]
[Round "5.20"]
[White "Vignesh, N R"]
[Black "Sekar, B"]
[Result "1-0"]
[WhiteTitle "IM"]
[WhiteElo "2470"]
[BlackElo "2300"]
[WhiteFideId "25012215"]
[BlackFideId "5043743"]
[EventDate "2018.01.09"]

1. e4 c5 2. Nf3 d6 3. d4 cxd4 4. Nxd4 Nf6 5. Nc3 a6 6. h3 e6 7. g4 Nfd7 8. g5 b5
9. a3 Bb7 10. Be3 Be7 11. h4 Nc6 12. f4 Rc8 13. h5 Nxd4 14. Qxd4 e5 15. Qd2 exf4
16. Bxf4 Ne5 17. Rh3 O-O 18. O-O-O Qb6 19. Kb1 a5 20. Be3 Qd8 21. Bxb5 Ng4 22.
Bf4 Qb6 23. a4 Ne5 24. Nd5 Bxd5 25. exd5 Rfd8 26. Qe2 f6 27. Rb3 Qa7 28. Qe4 Rf8
29. Bxe5 dxe5 30. d6 Bd8 31. Qf5 Rc5 32. d7 fxg5 33. Qe6+ Kh8 34. Rf3 1-0

[Event "16th Delhi Open 2018"]
[Site "New Delhi IND"]
[Date "2018.01.12"]
[Round "6.1"]
[White "Rahman, Ziaur"]
[Black "Sengupta, Deep"]
[Result "1/2-1/2"]
[WhiteTitle "GM"]
[BlackTitle "GM"]
[WhiteElo "2472"]
[BlackElo "2586"]
[WhiteFideId "10200037"]
[BlackFideId "5008352"]
[EventDate "2018.01.09"]

1. d4 e6 2. Nf3 Nf6 3. Bf4 Be7 4. c3 c5 5. Nbd2 Nc6 6. dxc5 Bxc5 7. e3 d5 8. Bd3
h6 9. Nd4 Qe7 10. Bg3 Bd7 11. Nb5 Bb6 12. Bd6 Qd8 13. Ba3 Bc7 14. Be2 Ne7 15.
Nxc7+ Qxc7 16. Nf3 Bc6 17. Nd4 O-O 18. O-O Rfd8 19. Nxc6 1/2-1/2

[Event "16th Delhi Open 2018"]
[Site "New Delhi IND"]
[Date "2018.01.12"]
[Round "6.2"]
[White "Naiditsch, Arkadij"]
[Black "Vaibhav, Suri"]
[Result "1-0"]
[WhiteTitle "GM"]
[BlackTitle "GM"]
[WhiteElo "2701"]
[BlackElo "2542"]
[WhiteFideId "4650891"]
[BlackFideId "5045185"]
[EventDate "2018.01.09"]

1. e4 e6 2. d4 d5 3. Nc3 Bb4 4. e5 c5 5. a3 Bxc3+ 6. bxc3 Qa5 7. Bd2 Qa4 8. Nf3
c4 9. h4 Nc6 10. h5 h6 11. g4 Bd7 12. Nh4 O-O-O 13. f4 Nge7 14. Be3 g6 15. hxg6
fxg6 16. Be2 Rdf8 17. Kd2 Nd8 18. Qb1 Ndc6 19. Qb2 Rf7 20. Rh2 Rhh7 21. Rah1
Rhg7 22. Nf3 Ng8 23. Nh4 Nge7 24. Rf2 Rh7 25. Nf3 Ng8 26. Bf1 Rf8 27. Bh3 Rhf7
28. Rhf1 Nge7 29. Nh4 Qa5 30. a4 Qd8 31. Qa3 b6 32. Qc1 Kb7 33. Qe1 Rh7 34. f5
exf5 35. gxf5 gxf5 36. Bxf5 Nxf5 37. Nxf5 Rxf5 38. Rxf5 Bxf5 39. Rxf5 Qe8 40.
Qf1 Nd8 41. Rf8 Qd7 42. Qf3 h5 43. Rf6 Ne6 44. Qf5 Re7 45. Qxh5 Ka6 46. Qh1 Rh7
47. Qg2 Rg7 48. Qf1 Rh7 49. Bh6 Re7 50. Bf8 Rh7 51. Bh6 Re7 52. Qf3 Ka5 53. Bf8
Ng5 54. Qf5 Ne4+ 55. Ke3 Nxf6 56. Qxd7 Rxd7 57. exf6 Rf7 58. Be7 b5 59. Kf4
Rxf6+ 60. Bxf6 1-0

[Event "16th Delhi Open 2018"]
[Site "New Delhi IND"]
[Date "2018.01.12"]
[Round "6.3"]
[White "Karthikeyan, Murali"]
[Black "Gusain, Himal"]
[Result "1-0"]
[WhiteTitle "GM"]
[BlackTitle "IM"]
[WhiteElo "2580"]
[BlackElo "2450"]
[WhiteFideId "5074452"]
[BlackFideId "5033861"]
[EventDate "2018.01.09"]

1. e4 c5 2. Nf3 e6 3. d4 cxd4 4. Nxd4 Nc6 5. Nc3 Qc7 6. Be2 Nf6 7. O-O Be7 8.
Kh1 O-O 9. f4 d6 10. Be3 Nxd4 11. Bxd4 e5 12. Be3 exf4 13. Bxf4 Be6 14. Qd3 Nd7
15. Nb5 Qb6 16. Qg3 Ne5 17. Rad1 Rfd8 18. Qe3 Qxe3 19. Bxe3 Rac8 20. Nd4 Bc4 21.
Bxc4 Nxc4 22. Bc1 a6 23. b3 Ne5 24. c4 g6 25. h3 Nc6 26. Nxc6 Rxc6 27. Rd5 Re8
28. Bf4 Bf8 29. Rfd1 Rxe4 30. Bxd6 Bxd6 31. Rxd6 Re6 32. Rd7 b5 33. Rf1 bxc4 34.
Rfxf7 c3 35. Rg7+ Kh8 36. Rxh7+ Kg8 37. Rdg7+ Kf8 38. Rb7 Kg8 39. Rhc7 Rxc7 40.
Rxc7 Re2 41. a4 c2 42. Kh2 a5 43. Kg3 Re3+ 44. Kf4 Rxb3 45. Rxc2 Ra3 46. Rc4 Kg7
47. Ke5 Rg3 48. Rg4 Rd3 49. h4 Kh6 50. Rg5 Rb3 51. g3 Ra3 52. Kf6 Rf3+ 53. Ke6
Ra3 54. Rxa5 Rxg3 55. Rg5 Ra3 56. Rg4 Kh5 57. Rb4 g5 58. hxg5 Kxg5 59. Rb5+ Kf4
60. a5 Ke4 61. Kd6 Kd4 62. Kc6 Kc4 63. Kb6 Rh3 64. Rc5+ Kd4 65. a6 Rh8 66. a7
Ra8 67. Ra5 1-0

[Event "16th Delhi Open 2018"]
[Site "New Delhi IND"]
[Date "2018.01.12"]
[Round "6.4"]
[White "David, Alberto"]
[Black "Akash Pc, Iyer"]
[Result "1/2-1/2"]
[WhiteTitle "GM"]
[WhiteElo "2553"]
[BlackElo "2415"]
[WhiteFideId "4000013"]
[BlackFideId "5006775"]
[EventDate "2018.01.09"]

1. e4 c5 2. Nf3 d6 3. Bb5+ Bd7 4. c4 Nc6 5. d4 cxd4 6. Nxd4 a6 7. Bxc6 bxc6 8.
O-O e5 9. Nf3 Nf6 10. Nc3 Qc7 11. c5 dxc5 12. Qc2 Bg4 13. Nd2 Rd8 14. b3 Be7 15.
Ba3 O-O 16. Rfe1 Be6 17. Na4 Qa5 18. Nf3 Nd7 19. Rec1 Rfe8 20. h3 f6 21. Qd2 Qb5
22. Qc2 Qa5 23. Qd2 Qb5 24. Qc2 Qa5 25. Qd2 Qb5 26. Nb2 Nf8 27. Qc3 Ng6 28. Rc2
Nf4 29. Qe3 Nd3 30. Nxd3 Rxd3 31. Qc1 Red8 32. Kh2 Bf8 33. Qe1 c4 34. Bxf8 Kxf8
35. bxc4 Qa4 36. Rac1 c5 37. Nd2 Qd7 38. Nb3 Bxh3 39. f3 Bxg2 40. Kxg2 Rxf3 41.
Kxf3 Qh3+ 42. Ke2 Qg4+ 43. Kf2 Rd3 44. Rc3 Qf3+ 45. Kg1 Qg4+ 46. Kf2 Qf3+ 47.
Kg1 Qg4+ 48. Kf2 1/2-1/2

[Event "16th Delhi Open 2018"]
[Site "New Delhi IND"]
[Date "2018.01.12"]
[Round "6.5"]
[White "Gareyev, Timur"]
[Black "Mohammad, Nubairshah Shaikh"]
[Result "1/2-1/2"]
[WhiteTitle "GM"]
[BlackTitle "IM"]
[WhiteElo "2605"]
[BlackElo "2380"]
[WhiteFideId "14200937"]
[BlackFideId "5053196"]
[EventDate "2018.01.09"]

1. d4 d5 2. c4 c6 3. Nf3 Nf6 4. Nbd2 Bf5 5. Nh4 Be6 6. e3 g6 7. b3 Bg7 8. Bb2
O-O 9. Be2 c5 10. dxc5 Qa5 11. a3 Qxc5 12. b4 Qc7 13. cxd5 Bxd5 14. Rc1 Qd8 15.
O-O a5 16. b5 Nbd7 17. Nhf3 Nb6 18. Nb3 Bxb3 19. Qxb3 Qd5 20. Qxd5 Nfxd5 21.
Bxg7 Kxg7 22. Ne5 Rac8 23. Bf3 Rfd8 24. g3 Kf6 25. Ng4+ Ke6 26. Nh6 Kf6 27. Ng4+
Kg7 28. Ne5 Kf6 29. Ng4+ 1/2-1/2

[Event "16th Delhi Open 2018"]
[Site "New Delhi IND"]
[Date "2018.01.12"]
[Round "6.6"]
[White "Rozum, Ivan"]
[Black "Arjun, Kalyan"]
[Result "1-0"]
[WhiteTitle "GM"]
[WhiteElo "2595"]
[BlackElo "2407"]
[WhiteFideId "24104272"]
[BlackFideId "35018701"]
[EventDate "2018.01.09"]

1. Nf3 d5 2. d4 Nf6 3. c4 c6 4. e3 Bf5 5. Nc3 e6 6. Nh4 Be4 7. f3 Bg6 8. Qb3 Qc7
9. Bd2 Be7 10. cxd5 cxd5 11. Nxg6 hxg6 12. O-O-O Nc6 13. Kb1 O-O 14. Rc1 a6 15.
Qd1 b5 16. g4 Qd7 17. g5 Nh5 18. f4 Na5 19. b3 Ba3 20. Rc2 Rfc8 21. Bg2 Nc6 22.
Bc1 Bf8 23. Bb2 a5 24. Nxb5 a4 25. bxa4 Rcb8 26. Bf1 Rb6 27. Nc3 Qb7 28. Rg1 Bb4
29. Rgg2 Ra5 30. Ka1 Qa8 31. Bb5 Ne7 32. Qc1 Nf5 33. Ne4 Rb8 34. Nc5 Nd6 35. Nb3 1-0

[Event "16th Delhi Open 2018"]
[Site "New Delhi IND"]
[Date "2018.01.12"]
[Round "6.7"]
[White "Tiviakov, Sergei"]
[Black "Sammed Jaykumar, Shete"]
[Result "1-0"]
[WhiteTitle "GM"]
[WhiteElo "2584"]
[BlackElo "2337"]
[WhiteFideId "1008013"]
[BlackFideId "5073421"]
[EventDate "2018.01.09"]

1. e4 e5 2. Nf3 Nc6 3. Bb5 a6 4. Ba4 Nf6 5. Qe2 b5 6. Bb3 Be7 7. c3 d5 8. d3 O-O
9. Nbd2 Bb7 10. Nf1 Re8 11. Ng3 h6 12. h3 Bf8 13. Nh2 Na5 14. Bc2 c5 15. Ng4 Re6
16. O-O Nxg4 17. hxg4 Be7 18. Be3 Rc8 19. exd5 Bxd5 20. f3 Qc7 21. Rfd1 Rd8 22.
Nf5 Bg5 23. Bf2 c4 24. Ne3 Bb7 25. dxc4 Bxe3 26. Qxe3 Nxc4 27. Rxd8+ Qxd8 28.
Qa7 Qa8 29. Rd1 Rd6 30. Rxd6 Nxd6 31. Qc5 Qd8 32. Qxe5 Nc4 33. Qf5 Qg5 34. Qxg5
hxg5 35. b3 Ne5 36. Bd4 Ng6 37. Kf2 Nf4 38. g3 Ne6 39. Bb6 Kf8 40. Ke3 Ke7 41.
f4 Kd6 42. Bd1 Nf8 43. fxg5 Ne6 44. Bd4 Bd5 45. Be2 g6 46. Bf6 Nc5 47. c4 Bc6
48. Kd4 Ne6+ 49. Kc3 Kc5 50. Bd4+ Kd6 51. Be3 Ke5 52. cxb5 axb5 53. Kb4 Ke4 54.
Bb6 Nxg5 55. Bxb5 Bb7 56. Be2 Nf3 57. a4 Nd2 58. Kc3 1-0

[Event "16th Delhi Open 2018"]
[Site "New Delhi IND"]
[Date "2018.01.12"]
[Round "6.8"]
[White "Sivuk, Vitaly"]
[Black "Saravana, Krishnan P."]
[Result "1-0"]
[WhiteTitle "GM"]
[WhiteElo "2550"]
[BlackElo "2323"]
[WhiteFideId "14116502"]
[BlackFideId "5018382"]
[EventDate "2018.01.09"]

1. Nf3 Nf6 2. c4 c6 3. g3 d5 4. Bg2 dxc4 5. O-O g6 6. Na3 Bg7 7. Nxc4 O-O 8. d3
Nbd7 9. Bd2 Nd5 10. Qc2 N7b6 11. Na5 e5 12. Rab1 Re8 13. b4 h6 14. Rfc1 Re7 15.
a4 Qe8 16. e4 Nc7 17. Bc3 f5 18. Qa2+ Kh7 19. Qa1 Rb8 20. Nb3 g5 21. Nc5 Nd7 22.
Bb2 Nf8 23. d4 exd4 24. Bxd4 b6 25. Bxg7 Rxg7 26. Nb3 fxe4 27. Ne5 Bf5 28. Nxc6
Rb7 29. Nbd4 Bg6 30. Re1 Nd5 31. Rbc1 Nf6 32. Nb5 N8d7 33. Nd6 Qa8 34. Nxb7 Qxb7
35. Qd4 Qa8 36. Ne5 Nxe5 37. Qxe5 Qd8 38. Red1 Qf8 39. Rc7 Bh5 40. Bxe4+ 1-0

[Event "16th Delhi Open 2018"]
[Site "New Delhi IND"]
[Date "2018.01.12"]
[Round "6.9"]
[White "Sardana, Rishi"]
[Black "Tran, Tuan Minh"]
[Result "0-1"]
[WhiteTitle "IM"]
[BlackTitle "GM"]
[WhiteElo "2402"]
[BlackElo "2548"]
[WhiteFideId "25004301"]
[BlackFideId "12401820"]
[EventDate "2018.01.09"]

1. e4 c5 2. Nf3 d6 3. Bb5+ Bd7 4. Bxd7+ Qxd7 5. c4 g6 6. Nc3 Bg7 7. d4 cxd4 8.
Nxd4 Nc6 9. Be3 Nf6 10. f3 O-O 11. O-O Ne8 12. Qd3 Nc7 13. Rac1 Rfc8 14. b3 Nxd4
15. Bxd4 Bxd4+ 16. Qxd4 b5 17. cxb5 Nxb5 18. Nxb5 Qxb5 19. Rxc8+ Rxc8 20. Qxa7
Rc2 21. h3 e6 22. Qa8+ Kg7 23. Qa7 Rd2 24. h4 Qe2 25. Qf2 Qd3 26. Qa7 h5 27. e5
d5 28. Rf2 Rd1+ 29. Kh2 Qc3 30. Re2 Qb4 31. Qf2 d4 32. Rc2 d3 33. Rc4 Qa5 34. f4
Rd2 35. Qg3 Qa7 36. Qg5 Rc2 37. Qf6+ Kh7 38. Ra4 Qb7 39. Qg5 Rc7 40. f5 exf5 41.
Rd4 Rd7 42. Rxd7 Qxd7 43. Qd2 Qd4 44. Kg3 Qg4+ 45. Kf2 Qxh4+ 46. Kf1 Qd4 47. b4
Qa1+ 48. Kf2 Qd4+ 49. Kf1 Qa1+ 50. Kf2 Qxe5 51. Qxd3 Qb2+ 52. Kf1 Qxb4 53. Qd5
Qb1+ 54. Kf2 Qb2+ 55. Kf1 Kg7 56. Qc4 Qb1+ 57. Kf2 Qb2+ 58. Kf1 Qa3 59. Qd4+ f6
60. Qd7+ Kh6 61. Qd2+ g5 62. Qd5 Qc1+ 63. Ke2 Qc2+ 64. Kf1 h4 65. Qf7 Qb1+ 66.
Kf2 Qb2+ 67. Kf1 Qb1+ 68. Kf2 Qb6+ 69. Kf1 g4 70. Qf8+ Kg5 71. Qg8+ Kf4 72. Qc4+
Kg3 73. Qd3+ Kh2 74. Ke2 Qb2+ 75. Ke3 f4+ 0-1

[Event "16th Delhi Open 2018"]
[Site "New Delhi IND"]
[Date "2018.01.12"]
[Round "6.10"]
[White "Gomes, Mary Ann"]
[Black "Pruijssers, Roeland"]
[Result "1/2-1/2"]
[WhiteTitle "WGM"]
[BlackTitle "GM"]
[WhiteElo "2328"]
[BlackElo "2536"]
[WhiteFideId "5013623"]
[BlackFideId "1013068"]
[EventDate "2018.01.09"]

1. Nf3 g6 2. c4 f5 3. d4 Nf6 4. Nc3 Bg7 5. h4 O-O 6. Bg5 Ng4 7. Ne5 Nxe5 8. dxe5
Nc6 9. Qd5+ Rf7 10. f4 d6 11. O-O-O Qe8 12. h5 gxh5 13. Qf3 h6 14. Qxh5 hxg5 15.
Qh7+ Kf8 16. Qh8+ Bxh8 17. Rxh8+ Kg7 18. Rxe8 gxf4 19. e6 Rf8 20. Rxf8 Kxf8 21.
Nd5 Kg7 22. Nxc7 Rb8 23. e3 fxe3 24. Re1 b6 25. Rxe3 Rb7 26. Nd5 Ne5 27. Rg3+
Ng4 28. Ne3 Bxe6 29. Nxf5+ Bxf5 30. Be2 Rc7 31. b3 b5 32. Bxg4 Bxg4 33. Rxg4+
Kf6 34. Kd2 bxc4 35. bxc4 e5 36. Kd3 Rc5 37. Kc3 Rc6 38. Rh4 Kg5 39. g3 Ra6 40.
Kb3 Rb6+ 41. Kc2 Kf5 42. Kc3 Ra6 43. Rh6 Rxa2 44. Rxd6 Ra3+ 45. Kd2 Rxg3 46. Ra6
Rg7 47. Ke3 Rh7 48. c5 Rc7 49. Ra5 Rb7 50. Ra6 Rh7 51. Ra5 Rg7 52. Ra6 Rd7 53.
c6 Rh7 54. Ra5 Ke6 55. Ke4 Kd6 56. Ra6 Rc7 57. Ra1 Re7 58. Rc1 Kc7 59. Rc5 Re6
60. Rxe5 Rxc6 61. Kd4 Kb6 62. Re3 Kb5 63. Rb3+ Ka4 64. Rb1 a5 65. Ra1+ Kb5 66.
Rb1+ Ka6 67. Ra1 Rc8 68. Kd3 Rc5 69. Kd4 Rc7 70. Kd3 Rc8 71. Kd4 Rc2 72. Kd3 Rc5
73. Kd4 Rh5 74. Kc4 Rh4+ 75. Kb3 Kb5 76. Rg1 a4+ 77. Ka3 Rh3+ 78. Ka2 Kb4 79.
Rg4+ 1/2-1/2

[Event "16th Delhi Open 2018"]
[Site "New Delhi IND"]
[Date "2018.01.12"]
[Round "6.11"]
[White "Horvath, Adam1"]
[Black "Gajwa, Ankit"]
[Result "0-1"]
[WhiteTitle "GM"]
[BlackTitle "FM"]
[WhiteElo "2484"]
[BlackElo "2284"]
[WhiteFideId "708003"]
[BlackFideId "5077834"]
[EventDate "2018.01.09"]

1. e4 e5 2. Nf3 Nc6 3. Bc4 Nf6 4. d3 Be7 5. O-O O-O 6. Re1 d6 7. a4 Na5 8. Ba2
c5 9. c3 Nc6 10. Na3 h6 11. Nc2 Be6 12. Bd2 a6 13. b4 cxb4 14. cxb4 b5 15. Bxe6
fxe6 16. axb5 axb5 17. Rxa8 Qxa8 18. Qb1 Qe8 19. Qa2 Nd8 20. h3 Nh7 21. Rc1 Rxf3
22. gxf3 Qh5 23. Ne1 Ng5 24. Rc8 Nxh3+ 25. Kf1 Kh7 26. Qa8 Nf7 27. Qa7 Bg5 28.
Bxg5 Nfxg5 29. Rc7 Qg6 30. Ke2 Ng1+ 31. Kd1 N1xf3 32. Qb8 Nxe1 33. Rc8 Qh5+ 34.
Kxe1 Nf3+ 35. Kd1 Nd4+ 36. Kc1 Qg5+ 37. Kb1 Qg1+ 38. Rc1 Qxf2 39. Qxd6 Qd2 40.
Qxe5 Qxd3+ 41. Kb2 Qb3+ 42. Ka1 Qa3+ 43. Kb1 Qxb4+ 44. Ka2 Qa4+ 45. Kb2 Qb3+ 46.
Ka1 Nc2+ 47. Rxc2 Qxc2 48. Qxe6 Qc1+ 0-1

[Event "16th Delhi Open 2018"]
[Site "New Delhi IND"]
[Date "2018.01.12"]
[Round "6.12"]
[White "Neelash, Saha"]
[Black "Deviatkin, Andrei"]
[Result "1/2-1/2"]
[BlackTitle "GM"]
[WhiteElo "2105"]
[BlackElo "2471"]
[WhiteFideId "5094160"]
[BlackFideId "4121260"]
[EventDate "2018.01.09"]

1. d4 Nf6 2. Bf4 g6 3. Nc3 c5 4. dxc5 Qa5 5. Qd2 Bg7 6. e4 O-O 7. f3 Qxc5 8.
O-O-O Nc6 9. Be3 Qa5 10. Bc4 Qb4 11. Bb3 Na5 12. e5 Ne8 13. Nd5 Qxd2+ 14. Rxd2
Nc6 15. Bg5 Bxe5 16. Nxe7+ Nxe7 17. Bxe7 Bf4 18. Nh3 Bxd2+ 19. Kxd2 Nc7 20. Ng5
Ne6 21. Bxe6 dxe6 22. Bxf8 Kxf8 23. Nxh7+ Ke7 24. Ng5 e5 25. Re1 f6 26. Ne4 Bd7
27. f4 exf4 28. Nc5+ Kf7 29. Nxd7 Rd8 30. Re4 Rxd7+ 31. Ke2 g5 32. g3 f5 33. Ra4
fxg3 34. hxg3 a6 35. Rc4 Kf6 36. Rc8 Re7+ 37. Kf3 Rd7 38. Ke2 Re7+ 39. Kf3 g4+
40. Kf2 Rd7 41. Ke3 Rd1 42. Rf8+ Ke6 43. Re8+ Kd7 44. Re5 Re1+ 45. Kf4 Rf1+ 46.
Kg5 Rf3 1/2-1/2

[Event "16th Delhi Open 2018"]
[Site "New Delhi IND"]
[Date "2018.01.12"]
[Round "6.13"]
[White "Shrutarshi, Ray"]
[Black "Vignesh, N R"]
[Result "0-1"]
[BlackTitle "IM"]
[WhiteElo "1888"]
[BlackElo "2470"]
[WhiteFideId "25032208"]
[BlackFideId "25012215"]
[EventDate "2018.01.09"]

1. e4 c5 2. Nf3 d6 3. d4 cxd4 4. Nxd4 Nf6 5. f3 e6 6. c4 Be7 7. Nc3 O-O 8. Be2
a6 9. Be3 Nbd7 10. O-O Qc7 11. Rc1 b6 12. Qd2 Bb7 13. a3 Rac8 14. b4 Qb8 15. Na4
Bd8 16. Kh1 Bc7 17. g3 Ne5 18. Nb2 Neg4 19. Bg1 Ne5 20. Be3 Neg4 21. Bg1 Ne5 22.
Be3 Neg4 23. Bg1 Rfe8 24. Nd3 Qa8 25. Qd1 Ne5 26. Be3 Neg4 27. Bg1 Ne5 28. Be3
Bxe4 29. Nxe5 dxe5 30. Nb3 Bc6 31. Nd4 Be4 32. Nb3 Bc6 33. b5 axb5 0-1

[Event "16th Delhi Open 2018"]
[Site "New Delhi IND"]
[Date "2018.01.12"]
[Round "6.14"]
[White "Ravi, Teja S."]
[Black "Amonatov, Farrukh"]
[Result "0-1"]
[WhiteTitle "IM"]
[BlackTitle "GM"]
[WhiteElo "2375"]
[BlackElo "2636"]
[WhiteFideId "5017220"]
[BlackFideId "14700077"]
[EventDate "2018.01.09"]

1. d4 Nf6 2. Nf3 g6 3. Nc3 d5 4. Bf4 Bg7 5. e3 O-O 6. Be2 a6 7. Ne5 b6 8. h4 Bb7
9. h5 c5 10. hxg6 hxg6 11. Qd2 Nc6 12. O-O-O b5 13. f3 Qa5 14. a3 Rfc8 15. dxc5
b4 16. Nxc6 Bxc6 17. Na2 Qxc5 18. Qxb4 Nd7 19. Qxc5 Nxc5 20. Nb4 e6 21. Nxc6
Rxc6 22. Bd3 Na4 23. c3 Rac8 24. Rd2 Bf6 25. Rc2 Rb6 26. Rd1 Be7 27. Be5 f6 28.
Bd4 Rxb2 29. Rxb2 Bxa3 30. c4 dxc4 31. Bc2 c3 32. Bxa4 cxb2+ 33. Kd2 e5 34. Bxb2
Bxb2 35. Rb1 Bc3+ 36. Kd3 Ba5 37. Bb3+ Kg7 38. Bc4 Rd8+ 39. Ke2 Rd6 40. Ra1 Rd2+
41. Kf1 Bb6 42. Rxa6 Bxe3 43. Ra2 Rd7 44. Ke2 Bd4 45. Bd3 Rb7 46. Rc2 Kh6 47. g3
Ra7 48. Kf1 Ra3 49. Be4 f5 50. Bc6 Kg5 51. Kg2 Ra1 52. Re2 Rc1 53. Bb7 Kf6 54.
Bd5 Rc5 55. Bb3 Rc3 56. Bd5 Bc5 57. Ba2 Bd6 58. g4 Bc5 59. Bd5 Bd4 60. gxf5 gxf5
61. Kg3 Kg5 62. Bb7 Be3 63. Rg2 Rc1 64. Re2 Rc3 65. Rg2 Rc1 66. Re2 Bd4 67. Rg2
Re1 68. f4+ exf4+ 69. Kf3+ Kf6 70. Kxf4 Rf1+ 71. Bf3 Re1 72. Be2 Ra1 73. Bd3 Ra4
74. Kf3 Be5 75. Rg8 Bd6 76. Rd8 Rd4 77. Bc2 Kg5 78. Rg8+ Kf6 79. Rd8 Rd2 80. Bb1
Ke6 81. Re8+ Kf6 82. Rd8 Ke6 83. Re8+ Kd7 84. Re3 Rd5 85. Ba2 Ra5 86. Be6+ Kd8
87. Ba2 Kd7 88. Be6+ Kd8 89. Bb3 Kd7 90. Be6+ Kd8 91. Bb3 Kd7 92. Be6+ Kd8 93.
Bb3 0-1

[Event "16th Delhi Open 2018"]
[Site "New Delhi IND"]
[Date "2018.01.12"]
[Round "6.15"]
[White "Gupta, Abhijeet"]
[Black "Rathnakaran, K."]
[Result "1/2-1/2"]
[WhiteTitle "GM"]
[BlackTitle "IM"]
[WhiteElo "2610"]
[BlackElo "2372"]
[WhiteFideId "5010608"]
[BlackFideId "5005507"]
[EventDate "2018.01.09"]

1. Nf3 Nf6 2. g3 g6 3. b3 Bg7 4. Bb2 O-O 5. Bg2 d6 6. d4 c6 7. O-O Bf5 8. c4 Qd7
9. Re1 Na6 10. Nc3 h6 11. e4 Bh3 12. e5 Nh5 13. Nh4 Bxg2 14. Nxg2 f5 15. f4 dxe5
16. dxe5 Qe6 17. Qe2 Rfd8 18. Rad1 Bf8 19. Nh4 Ng7 20. Nf3 Nc7 21. Na4 Na6 22.
Kg2 c5 23. Nc3 Nc7 24. Rd3 Qc6 25. e6 Ncxe6 26. Nd5 a5 27. a4 g5 28. Re3 g4 29.
Ne5 Qd6 30. Rd3 Nd4 31. Bxd4 cxd4 32. Rxd4 h5 33. Rdd1 Qh6 34. h3 gxh3+ 35. Kxh3
e6 36. Nc7 Rac8 37. Rxd8 Rxd8 38. Nf3 h4 39. Nxh4 Bd6 40. Nb5 Be7 41. Kg2 Bxh4
42. Rh1 e5 43. Rxh4 Qc6+ 44. Kh2 e4 45. Nc3 Rd3 46. Nd5 Qc5 47. Rh6 Qa3 48. Nf6+
Kf7 49. Nxe4 fxe4 50. Qxe4 Qxb3 51. Qg6+ Kg8 1/2-1/2

[Event "16th Delhi Open 2018"]
[Site "New Delhi IND"]
[Date "2018.01.12"]
[Round "6.16"]
[White "Solodovnichenko, Yuri"]
[Black "Hemant, Sharma2"]
[Result "1/2-1/2"]
[WhiteTitle "GM"]
[BlackTitle "IM"]
[WhiteElo "2571"]
[BlackElo "2348"]
[WhiteFideId "14104369"]
[BlackFideId "5025842"]
[EventDate "2018.01.09"]

1. e4 c5 2. Nf3 d6 3. d4 cxd4 4. Nxd4 Nf6 5. Nc3 a6 6. Be3 e5 7. Nb3 Be6 8. Qd2
Be7 9. O-O-O O-O 10. f4 b5 11. h3 exf4 12. Bxf4 Nh5 13. Be3 Ng3 14. Rg1 Nxf1 15.
Rgxf1 Nc6 16. Nd5 Bxd5 17. exd5 Ne5 18. Kb1 Nc4 19. Qd3 Nxe3 20. Qxe3 Bf6 21.
Nd4 Bxd4 22. Rxd4 Re8 23. Re4 Rxe4 24. Qxe4 Qe8 25. Re1 Qxe4 26. Rxe4 Kf8 27. a4
Re8 28. Rb4 Re1+ 29. Ka2 Re2 30. axb5 axb5 31. Rxb5 Rxc2 32. g4 Rc5 33. Rb7 Rxd5
34. b4 Re5 35. b5 Re7 36. Rb6 Re2+ 37. Kb3 Ke7 38. Rb7+ Ke6 39. b6 Re3+ 40. Kb4
Rxh3 41. Rc7 Rh1 42. b7 Rb1+ 43. Ka5 f5 44. gxf5+ Kxf5 45. Rxg7 h5 46. Ka6 h4
47. Rg8 h3 48. b8=Q Rxb8 49. Rxb8 Kf4 50. Rb3 Kg4 51. Kb5 1/2-1/2

[Event "16th Delhi Open 2018"]
[Site "New Delhi IND"]
[Date "2018.01.12"]
[Round "6.18"]
[White "Ghosh, Diptayan"]
[Black "Kaustuv, Kundu"]
[Result "1/2-1/2"]
[WhiteTitle "GM"]
[WhiteElo "2556"]
[BlackElo "2324"]
[WhiteFideId "5045207"]
[BlackFideId "5056900"]
[EventDate "2018.01.09"]

1. Nf3 Nf6 2. g3 g6 3. Bg2 Bg7 4. d4 O-O 5. O-O d6 6. b3 e5 7. dxe5 dxe5 8. Ba3
Re8 9. Qxd8 Rxd8 10. Nc3 Nc6 11. Rad1 Bf5 12. Nh4 Bd7 13. Rd2 Bf8 14. Bxf8 Kxf8
15. Rfd1 Ke7 16. f4 exf4 17. gxf4 Be8 18. Nd5+ Nxd5 19. Bxd5 Nb4 20. Bxb7 Rxd2
21. Rxd2 Rb8 22. Bf3 Nxa2 23. Ng2 Rd8 24. Rxd8 Kxd8 25. Ne3 Nc3 26. Kf2 Nb5 27.
Kg1 Nc3 28. Kf2 Nb5 29. Kg1 Nc3 30. Kf2 Nb5 31. Bd5 c6 32. Bc4 Nd6 33. Bd3 c5
34. Ke1 1/2-1/2

[Event "16th Delhi Open 2018"]
[Site "New Delhi IND"]
[Date "2018.01.12"]
[Round "6.19"]
[White "Karthikeyan, P."]
[Black "Moksh, Amit Doshi"]
[Result "1-0"]
[WhiteTitle "IM"]
[WhiteElo "2497"]
[BlackElo "2307"]
[WhiteFideId "5018226"]
[BlackFideId "25064967"]
[EventDate "2018.01.09"]

1. Nf3 Nf6 2. c4 g6 3. Nc3 d5 4. cxd5 Nxd5 5. d3 Nxc3 6. bxc3 Bg7 7. Qc2 c5 8.
g3 b6 9. Bg2 Bb7 10. h4 Nd7 11. h5 Qc7 12. Bf4 e5 13. Bd2 O-O-O 14. h6 Bf8 15.
O-O f5 16. Bg5 Re8 17. a4 Be7 18. Bxe7 Rxe7 19. a5 e4 20. axb6 axb6 21. Ra7 Nb8
22. dxe4 fxe4 23. Bh3+ Kd8 24. Ng5 Qe5 25. Qb3 1-0